[Event "FBL 1"]
[Site "Deutschland"]
[Date "2012.12.16"]
[Round "5.2"]
[White "Heinatz, Gundula"]
[Black "Zatonskih, Anna"]
[Result "0-1"]
[WhiteElo "2197"]
[BlackElo "2512"]
[PlyCount "62"]
[EventDate "2012.10.06"]
[WhiteTeam "Karlsruher SF 1853"]
[BlackTeam "OSG Baden Baden"]
[WhiteTeamCountry "GER"]
[BlackTeamCountry "GER"]

1. d4 d5 2. Nf3 e6 3. c4 Nf6 4. g3 dxc4 5. Qa4+ Nbd7 6. Bg2 a6 7. Qxc4 b5 8.
Qd3 Bb7 9. O-O c5 10. e3 Be7 11. Rd1 O-O 12. Nbd2 Qb6 13. b3 cxd4 14. exd4 Rfd8
15. Bb2 Bd5 16. Qe2 Qb7 17. Nf1 Rac8 18. Ne3 Be4 19. Ne5 Bxg2 20. Nxg2 Ne4 21.
Nf4 Nxe5 22. dxe5 Ng5 23. Ng2 Bc5 24. Qg4 Ne4 25. Ne3 Bxe3 26. fxe3 h6 27. Bd4
Rc2 28. Qf3 Rdc8 29. a4 Rf2 30. Qh1 Rcc2 31. Rf1 Ng5 0-1

[Event "FBL 1"]
[Site "Deutschland"]
[Date "2012.12.16"]
[Round "5.3"]
[White "Kachiani Gersinska, Ketino"]
[Black "Kiefhaber, Veronika"]
[Result "1-0"]
[WhiteElo "2366"]
[BlackElo "2229"]
[PlyCount "127"]
[EventDate "2012.10.06"]
[WhiteTeam "OSG Baden Baden"]
[BlackTeam "Karlsruher SF 1853"]
[WhiteTeamCountry "GER"]
[BlackTeamCountry "GER"]

1. c4 e5 2. g3 d6 3. Bg2 Nf6 4. Nc3 g6 5. d3 Bg7 6. e4 O-O 7. Nge2 Nc6 8. Bg5
h6 9. Bxf6 Bxf6 10. Nd5 Bg7 11. Qd2 Be6 12. O-O f5 13. exf5 gxf5 14. f4 Qd7 15.
Rae1 Rae8 16. b4 Kh7 17. b5 Nd4 18. Nxd4 exd4 19. Nb4 Rb8 20. Bf3 a5 21. bxa6
c5 22. Bd5 Rfe8 23. Bxe6 Rxe6 24. Rxe6 Qxe6 25. Re1 Qg6 26. a7 Ra8 27. Nd5 Rxa7
28. Re7 Kh8 29. Kg2 Bf8 30. Re1 Ra8 31. Qe2 Qf7 32. h3 b5 33. g4 bxc4 34. dxc4
Ra3 35. g5 Qa7 36. Qe8 Rxa2+ 37. Kf1 Qa8 38. Qf7 Ra1 39. g6 Rxe1+ 40. Kxe1 Bg7
41. Qxf5 Qd8 42. Ke2 Qa8 43. Kf3 Qe8 44. Qe4 Qa4 45. Kg3 Qd7 46. Kg2 Qd8 47.
Kf3 Qd7 48. f5 Be5 49. Kg4 Kg7 50. Qf3 Qd8 51. h4 Qd7 52. Kh5 Qd8 53. Nf4 Qc8
54. Ne6+ Kf6 55. Kg4 Qb8 56. g7 Kf7 57. Qd5 Qg8 58. Kh5 d3 59. Qxd3 Bxg7 60.
Qd5 Be5 61. Nxc5+ Kg7 62. Qxg8+ Kxg8 63. Nd3 Bc3 64. Kg6 1-0

[Event "FBL 1"]
[Site "Deutschland"]
[Date "2012.12.16"]
[Round "5.5"]
[White "Sedina, Elena"]
[Black "Brendel, Bergit"]
[Result "1-0"]
[WhiteElo "2340"]
[BlackElo "2094"]
[PlyCount "105"]
[EventDate "2012.10.06"]
[WhiteTeam "OSG Baden Baden"]
[BlackTeam "Karlsruher SF 1853"]
[WhiteTeamCountry "GER"]
[BlackTeamCountry "GER"]

1. e4 e5 2. Nc3 Nf6 3. g3 d5 4. exd5 Nxd5 5. Bg2 Nxc3 6. bxc3 Bc5 7. Nf3 e4 8.
Qe2 O-O 9. Ne5 Bd6 10. Nc4 f5 11. O-O Nc6 12. d3 exd3 13. cxd3 Re8 14. Qc2 Be6
15. Nxd6 Qxd6 16. Bf4 Qd7 17. Rfe1 Bd5 18. Bxd5+ Qxd5 19. Qb3 Rxe1+ 20. Rxe1
Qxb3 21. axb3 Rc8 22. d4 Kf7 23. Kg2 h6 24. h4 Ne7 25. c4 Ng6 26. Bc1 Re8 27.
Rd1 Re4 28. h5 Nf8 29. d5 Ke8 30. Bb2 g6 31. hxg6 Nxg6 32. Rh1 b5 33. Rxh6 Ne7
34. cxb5 Nxd5 35. Ra6 Rb4 36. Rxa7 Rxb3 37. Be5 Rxb5 38. Bxc7 Nxc7 39. Rxc7 Ra5
40. Kf3 Kf8 41. Kf4 Rb5 42. Rh7 Rb2 43. f3 Rg2 44. Rh5 Kg7 45. Rg5+ Kf6 46.
Rxf5+ Kg6 47. Ra5 Rf2 48. Ra6+ Kf7 49. g4 Rf1 50. g5 Rf2 51. Kg4 Rg2+ 52. Kf5
Kg7 53. Ra7+ 1-0

[Event "FBL 1"]
[Site "Deutschland"]
[Date "2012.12.16"]
[Round "5.6"]
[White "Scheynin, Julia"]
[Black "Tammert, Iamze"]
[Result "0-1"]
[WhiteElo "2019"]
[BlackElo "2305"]
[PlyCount "78"]
[EventDate "2012.10.06"]
[WhiteTeam "Karlsruher SF 1853"]
[BlackTeam "OSG Baden Baden"]
[WhiteTeamCountry "GER"]
[BlackTeamCountry "GER"]

1. e4 g6 2. Nc3 Bg7 3. g3 c5 4. d3 Nc6 5. Bg2 d6 6. f4 Nf6 7. Nf3 O-O 8. O-O
Rb8 9. h3 Ne8 10. Ne2 Nc7 11. c3 e5 12. Be3 Qe7 13. Qc2 f5 14. fxe5 dxe5 15.
exf5 gxf5 16. Rfe1 Kh8 17. Bf2 Qd6 18. Rad1 Nd5 19. a3 b6 20. b4 cxb4 21. axb4
Bd7 22. Nd2 Nce7 23. Qb2 Rbc8 24. Ra1 e4 25. Bd4 Bxd4+ 26. cxd4 exd3 27. Nf4
Rc2 28. Qb3 Nxf4 29. gxf4 Rxd2 30. Qc3 Qxf4 31. d5+ Kg8 32. Kh1 Nc8 33. d6 h5
34. Rg1 Kh7 35. Raf1 Qh6 36. Qc7 Qxd6 37. Qc3 Rc2 38. Qe1 Rxg2 39. Rxg2 Bc6 0-1

[Event "FBL 1"]
[Site "Deutschland"]
[Date "2012.12.16"]
[Round "5.1"]
[White "Savina, Anastasia"]
[Black "Bodnaruk, Anastasia"]
[Result "1/2-1/2"]
[WhiteElo "2303"]
[BlackElo "2421"]
[PlyCount "90"]
[EventDate "2012.10.06"]
[WhiteTeam "SC Bad Koenigshofen 1957"]
[BlackTeam "Rodewischer Schachmiezen"]
[WhiteTeamCountry "GER"]
[BlackTeamCountry "GER"]

1. d4 Nf6 2. c4 e6 3. Nf3 b6 4. g3 Bb7 5. Bg2 Bb4+ 6. Bd2 a5 7. O-O O-O 8. Bg5
Be7 9. Qc2 Be4 10. Qc1 Bb7 11. Qc2 Ne4 12. Bxe7 Qxe7 13. Ne1 d5 14. Nc3 Nxc3
15. bxc3 c6 16. Rb1 Qc7 17. cxd5 cxd5 18. Nf3 Nd7 19. Rfc1 Rfc8 20. Nd2 Qd6 21.
e4 Rc7 22. Qb2 e5 23. dxe5 Qxe5 24. exd5 Bxd5 25. c4 Qxb2 26. Rxb2 Bxg2 27.
Kxg2 Re8 28. Rd1 g6 29. Nf1 Ne5 30. Rxb6 Nxc4 31. Rb3 Ree7 32. Rc3 Nb6 33. Rxc7
Rxc7 34. Ne3 Rc3 35. Rd6 Nc4 36. Nxc4 Rxc4 37. Rd3 Ra4 38. a3 Kg7 39. h4 h5 40.
Kf1 Kf6 41. Rf3+ Ke6 42. Ke2 f6 43. Rb3 g5 44. hxg5 fxg5 45. Kf1 Kf5 1/2-1/2

[Event "FBL 1"]
[Site "Deutschland"]
[Date "2012.12.16"]
[Round "5.2"]
[White "Pokorna, Regina"]
[Black "Zakurdjaeva, Irina"]
[Result "0-1"]
[WhiteElo "2353"]
[BlackElo "2248"]
[PlyCount "204"]
[EventDate "2012.10.06"]
[WhiteTeam "Rodewischer Schachmiezen"]
[BlackTeam "SC Bad Koenigshofen 1957"]
[WhiteTeamCountry "GER"]
[BlackTeamCountry "GER"]

1. e4 c5 2. Nf3 d6 3. d4 cxd4 4. Nxd4 Nf6 5. Nc3 g6 6. Be3 Bg7 7. f3 Nc6 8. Qd2
O-O 9. Bc4 Bd7 10. Bb3 Rc8 11. O-O-O Nxd4 12. Bxd4 b5 13. Nd5 Nxd5 14. Bxg7
Kxg7 15. Bxd5 a5 16. a3 Qc7 17. Bb3 Be6 18. Kb1 b4 19. a4 Bxb3 20. cxb3 Qc5 21.
h4 h5 22. Qe2 e6 23. f4 f5 24. Rc1 Qd4 25. Rxc8 Rxc8 26. exf5 gxf5 27. Ka2 Kf6
28. Qxh5 Qxf4 29. Re1 Rg8 30. Re2 d5 31. Qh7 Qg4 32. Qh6+ Qg6 33. Qe3 Re8 34.
Qe5+ Kf7 35. Re3 Qf6 36. Qd6 Qe7 37. Qf4 Rg8 38. h5 Rg4 39. Qe5 Qf6 40. Qc7+
Qe7 41. Qe5 Rxg2 42. Rh3 Qf6 43. Qc7+ Kg8 44. Qc1 Kh7 45. h6 f4 46. Qc7+ Kg6
47. Qc1 Kh7 48. Qc7+ Kh8 49. Qc8+ Rg8 50. Qc5 f3 51. h7 Rf8 52. Qf2 e5 53. Rg3
e4 54. Qg1 f2 55. Qh1 f1=N 56. Rg8+ Rxg8 57. hxg8=Q+ Kxg8 58. Qxf1 Kf7 59. Qb5
Qd4 60. Qd7+ Kf6 61. Qh7 Kg5 62. Qh3 e3 63. Qg3+ Kf5 64. Qf3+ Ke5 65. Qh5+ Kd6
66. Qg6+ Kc5 67. Qc2+ Kd6 68. Qg6+ Ke7 69. Qh7+ Ke6 70. Qh6+ Kf7 71. Qh7+ Qg7
72. Qf5+ Ke7 73. Qxd5 Qg3 74. Qe4+ Kf6 75. Qc6+ Kf5 76. Qd5+ Kf4 77. Qc4+ Kf3
78. Qf1+ Qf2 79. Qh1+ Ke2 80. Qc1 Qf4 81. Qc2+ Ke1 82. Qc1+ Kf2 83. Qc5 Qe4 84.
Qg5 e2 85. Qc5+ Kf1 86. Qb5 Ke1 87. Qd7 Qe3 88. Qd5 Qf4 89. Qc5 Kd1 90. Qd5+
Qd2 91. Qh5 Qd3 92. Qg4 Kc2 93. Qe6 e1=Q 94. Qc8+ Kd1 95. Qg4+ Qee2 96. Qg1+
Qf1 97. Qg4+ Qff3 98. Qg1+ Ke2 99. Qh2+ Qf2 100. Qe5+ Kf1 101. Qh5 Qdf3 102.
Qb5+ Q3e2 0-1

[Event "FBL 1"]
[Site "Deutschland"]
[Date "2012.12.16"]
[Round "5.4"]
[White "Rudolf, Anna"]
[Black "Oetztuerk, Kuebra"]
[Result "0-1"]
[WhiteElo "2306"]
[BlackElo "2294"]
[PlyCount "110"]
[EventDate "2012.10.06"]
[WhiteTeam "Rodewischer Schachmiezen"]
[BlackTeam "SC Bad Koenigshofen 1957"]
[WhiteTeamCountry "GER"]
[BlackTeamCountry "GER"]

1. d4 Nf6 2. c4 e6 3. Nc3 Bb4 4. e3 b6 5. Bd3 Bb7 6. Nf3 O-O 7. O-O d5 8. a3
Bd6 9. b4 dxc4 10. Bxc4 Nbd7 11. Bb2 a6 12. Qc2 e5 13. dxe5 Bxe5 14. Nxe5 Nxe5
15. Be2 Qe7 16. Rad1 Rfe8 17. h3 Ng6 18. Bc4 Rad8 19. Rxd8 Rxd8 20. Rd1 Rd6 21.
Rxd6 Qxd6 22. Qe2 b5 23. Bb3 Ne5 24. Nxb5 axb5 25. Qxb5 Qc6 26. Qxc6 Nxc6 27.
Bxf6 gxf6 28. Kf1 Ne5 29. b5 c6 30. a4 cxb5 31. axb5 Kf8 32. f4 Nd7 33. Bc2 h6
34. Kf2 Nc5 35. Kg3 Ne4+ 36. Kh4 Nd6 37. g4 Nc4 38. e4 Nd2 39. Kh5 Kg7 40. g5
hxg5 41. fxg5 Nxe4 42. Bxe4 Bxe4 43. Kg4 Kg6 44. gxf6 Bf5+ 45. Kg3 Bc8 46. b6
Kg5 47. Kf3 Bb7+ 48. Kg3 Kf5 49. Kh4 Bc8 50. Kg3 Ke4 51. Kh4 Kf4 52. Kh5 Kf5
53. Kh6 Kxf6 54. h4 Bb7 55. h5 Be4 0-1

[Event "FBL 1"]
[Site "Deutschland"]
[Date "2012.12.16"]
[Round "5.6"]
[White "Korenova, Martina"]
[Black "Gromova, Julia"]
[Result "1/2-1/2"]
[WhiteElo "2214"]
[BlackElo "2226"]
[PlyCount "98"]
[EventDate "2012.10.06"]
[WhiteTeam "Rodewischer Schachmiezen"]
[BlackTeam "SC Bad Koenigshofen 1957"]
[WhiteTeamCountry "GER"]
[BlackTeamCountry "GER"]

1. d4 Nf6 2. Nf3 g6 3. Bg5 Bg7 4. e3 c5 5. c3 O-O 6. Bd3 d5 7. Nbd2 b6 8. e4
Bb7 9. Bxf6 exf6 10. O-O cxd4 11. cxd4 Nc6 12. Qa4 Ne7 13. e5 Nc6 14. Bb5 Na5
15. Rfe1 a6 16. Bd3 b5 17. Qa3 Nc4 18. Bxc4 dxc4 19. Ne4 fxe5 20. dxe5 Qb6 21.
Rad1 Rad8 22. Nd6 Bxf3 23. gxf3 Qc6 24. Qe3 Rd7 25. f4 Rfd8 26. Rc1 Rxd6 27.
exd6 Bxb2 28. Rcd1 Rxd6 29. Qe8+ Kg7 30. Qxc6 Rxc6 31. Re2 c3 32. Rc2 Rc4 33.
Rd6 Ra4 34. Kf1 Rxa2 35. Ke2 b4 36. Rb6 a5 37. Kd3 Ra1 38. Kc4 Ra3 39. f5 gxf5
40. f3 Kf8 41. f4 Ra1 42. Rb8+ Ke7 43. Re2+ Kf6 44. Rb6+ Kg7 45. Rg2+ Kf8 46.
Rb8+ Ke7 47. Re2+ Kf6 48. Rb6+ Kg7 49. Rg2+ Kf8 1/2-1/2

[Event "FBL 1"]
[Site "Deutschland"]
[Date "2012.12.16"]
[Round "5.1"]
[White "Ohme, Melanie"]
[Black "Nebolsina, Vera"]
[Result "0-1"]
[WhiteElo "2337"]
[BlackElo "2270"]
[PlyCount "56"]
[EventDate "2012.10.06"]
[WhiteTeam "SF 1891 Friedberg"]
[BlackTeam "SF Deizisau"]
[WhiteTeamCountry "GER"]
[BlackTeamCountry "GER"]

1. e4 e5 2. Bc4 Nf6 3. d3 Bc5 4. Nf3 Nc6 5. c3 d6 6. Bb3 a6 7. h3 h6 8. Nbd2
O-O 9. Nf1 d5 10. Qe2 Be6 11. Bc2 b5 12. Ne3 d4 13. Nf5 Bxf5 14. exf5 Qd7 15.
g4 Rfe8 16. O-O Rad8 17. Rd1 dxc3 18. bxc3 h5 19. Ng5 Nd5 20. Bb2 b4 21. Ne4
bxc3 22. Nxc5 Qe7 23. Ba3 Nd4 24. Qe4 Nf6 25. Qg2 Nxc2 26. Ne6 Qxa3 27. Nxd8
Nxa1 28. g5 c2 0-1

[Event "FBL 1"]
[Site "Deutschland"]
[Date "2012.12.16"]
[Round "5.2"]
[White "Manakov, Marina"]
[Black "Levushkina, Elena"]
[Result "1/2-1/2"]
[WhiteElo "2294"]
[BlackElo "2301"]
[PlyCount "37"]
[EventDate "2012.10.06"]
[WhiteTeam "SF Deizisau"]
[BlackTeam "SF 1891 Friedberg"]
[WhiteTeamCountry "GER"]
[BlackTeamCountry "GER"]

1. d4 d5 2. Nf3 Nf6 3. Bf4 c5 4. c3 Qb6 5. Qb3 c4 6. Qc2 g6 7. h3 Bf5 8. Qc1
Nc6 9. g4 Bd7 10. Nbd2 Bg7 11. Ne5 Be6 12. Bg2 Rc8 13. O-O O-O 14. Kh1 Qd8 15.
Bg3 Nd7 16. Nef3 h6 17. e4 dxe4 18. Nxe4 Bd5 19. Qe3 1/2-1/2

[Event "FBL 1"]
[Site "Deutschland"]
[Date "2012.12.16"]
[Round "5.3"]
[White "Daulyte, Deimante"]
[Black "Klek, Hanna Marie"]
[Result "1-0"]
[WhiteElo "2216"]
[BlackElo "2214"]
[PlyCount "49"]
[EventDate "2012.10.06"]
[WhiteTeam "SF 1891 Friedberg"]
[BlackTeam "SF Deizisau"]
[WhiteTeamCountry "GER"]
[BlackTeamCountry "GER"]

1. e4 e5 2. Nf3 Nc6 3. Nc3 Nf6 4. Bb5 Bd6 5. a3 O-O 6. d3 a6 7. Bc4 h6 8. g4 b5
9. Ba2 Bc5 10. g5 Ng4 11. Rf1 hxg5 12. Bxg5 Be7 13. Bxe7 Qxe7 14. Nd5 Qd8 15.
Rg1 d6 16. Qd2 Kh8 17. O-O-O a5 18. Rg3 Nh6 19. Rdg1 Rg8 20. Nxc7 Rb8 21. Ne8
Bg4 22. Rxg4 Nxg4 23. Rxg4 Rxe8 24. Bxf7 Rf8 25. Ng5 1-0

[Event "FBL 1"]
[Site "Deutschland"]
[Date "2012.12.16"]
[Round "5.4"]
[White "Rempel, Jana"]
[Black "Goczo, Melinda"]
[Result "1/2-1/2"]
[WhiteElo "2078"]
[BlackElo "2234"]
[PlyCount "87"]
[EventDate "2012.10.06"]
[WhiteTeam "SF Deizisau"]
[BlackTeam "SF 1891 Friedberg"]
[WhiteTeamCountry "GER"]
[BlackTeamCountry "GER"]

1. e4 e6 2. d4 d5 3. exd5 exd5 4. Nf3 Bd6 5. c4 Nf6 6. Nc3 O-O 7. Be2 dxc4 8.
Bxc4 Re8+ 9. Be3 c6 10. O-O Be6 11. Bxe6 Rxe6 12. Qb3 Qd7 13. d5 cxd5 14. Rad1
Nc6 15. Nxd5 Ng4 16. Bf4 Bxf4 17. Nxf4 Rd6 18. h3 Rd8 19. Rxd6 Qxd6 20. hxg4
Qxf4 21. Qxb7 Nd4 22. Nxd4 Qxd4 23. Re1 h6 24. Qb5 Kh7 25. Qf5+ Kg8 26. Qb5 Kh7
27. Qf5+ Kg8 28. g5 Qd2 29. Re7 Qd1+ 30. Kh2 Qh5+ 31. Kg3 hxg5 32. Qe4 Qh4+ 33.
Qxh4 gxh4+ 34. Kxh4 Rd2 35. Rxa7 Rxf2 36. Rb7 Rxg2 37. a4 f5 38. a5 Rg6 39. Rb6
Rg4+ 40. Kh5 Kf7 41. Rb7+ Kf6 42. Rb6+ Kf7 43. Rb7+ Kf6 44. Rb6+ 1/2-1/2

[Event "FBL 1"]
[Site "Deutschland"]
[Date "2012.12.16"]
[Round "5.5"]
[White "Padurariu, Ioana Smaranda"]
[Black "Bader, Katharina"]
[Result "1-0"]
[WhiteElo "2236"]
[BlackElo "2088"]
[PlyCount "79"]
[EventDate "2012.10.06"]
[WhiteTeam "SF 1891 Friedberg"]
[BlackTeam "SF Deizisau"]
[WhiteTeamCountry "GER"]
[BlackTeamCountry "GER"]

1. e4 c5 2. Nf3 Nc6 3. Bb5 e6 4. Bxc6 bxc6 5. d3 Qc7 6. O-O e5 7. b3 Ne7 8. Nc3
Ng6 9. Ne2 Be7 10. c3 O-O 11. Re1 d6 12. Ng3 Nh4 13. Nxh4 Bxh4 14. Nf5 Bf6 15.
Qf3 Qd8 16. Be3 Kh8 17. Rad1 Rb8 18. d4 exd4 19. cxd4 cxd4 20. Nxd4 Bxd4 21.
Bxd4 Qe7 22. e5 Re8 23. Qc3 d5 24. Qxc6 Bb7 25. Qc3 Rbc8 26. Qd2 a6 27. f4 Qe6
28. Qd3 Qc6 29. Rd2 Kg8 30. Qg3 Qg6 31. Qf3 Qh6 32. Rde2 Qc6 33. f5 Qd7 34. f6
Re6 35. Qg3 g6 36. Qf4 Qd8 37. Re3 Qf8 38. Rh3 h5 39. g4 h4 40. g5 1-0

[Event "FBL 1"]
[Site "Deutschland"]
[Date "2012.12.16"]
[Round "5.6"]
[White "Gabriel, Marina"]
[Black "Toth, Lili"]
[Result "1/2-1/2"]
[WhiteElo "1991"]
[BlackElo "2168"]
[PlyCount "69"]
[EventDate "2012.10.06"]
[WhiteTeam "SF Deizisau"]
[BlackTeam "SF 1891 Friedberg"]
[WhiteTeamCountry "GER"]
[BlackTeamCountry "GER"]

1. d4 Nf6 2. c4 e6 3. g3 d5 4. Nf3 c6 5. Bg2 Nbd7 6. cxd5 exd5 7. O-O Bd6 8.
Nc3 O-O 9. Qc2 Re8 10. Nd2 Nb6 11. Re1 Be6 12. a3 Qc8 13. e4 dxe4 14. Ndxe4 Be7
15. Bg5 Qd8 16. Nc5 Bc8 17. Rad1 h6 18. Bxf6 Bxf6 19. Rxe8+ Qxe8 20. N5e4 Be7
21. d5 cxd5 22. Nxd5 Nxd5 23. Rxd5 Be6 24. Rd2 Rc8 25. Qd1 Qb5 26. Nc3 Qb6 27.
Nd5 Bxd5 28. Bxd5 Bg5 29. Rc2 Rd8 30. Qf3 Bf6 31. b4 a5 32. Bxb7 axb4 33. axb4
Qxb4 34. Rc8 Rxc8 35. Bxc8 1/2-1/2

[Event "FBL 1"]
[Site "Deutschland"]
[Date "2012.12.16"]
[Round "5.1"]
[White "Kononenko, Tatiana"]
[Black "Kulovana, Eva"]
[Result "1-0"]
[WhiteElo "2374"]
[BlackElo "2259"]
[PlyCount "81"]
[EventDate "2012.10.06"]
[WhiteTeam "USV Volksbank Halle"]
[BlackTeam "SK Grosslehna"]
[WhiteTeamCountry "GER"]
[BlackTeamCountry "GER"]

1. d4 d5 2. c4 c6 3. e3 Nf6 4. Nc3 a6 5. a4 e6 6. Nf3 Be7 7. Bd3 dxc4 8. Bxc4
c5 9. O-O Nc6 10. Qe2 cxd4 11. Rd1 e5 12. exd4 exd4 13. b4 O-O 14. b5 axb5 15.
Nxb5 Bg4 16. Bb2 Bc5 17. h3 Bxf3 18. Qxf3 Qd7 19. Qf4 Rad8 20. Rac1 Bb6 21. Bd3
Rfe8 22. Ba3 Nd5 23. Qh4 g6 24. Nd6 Re6 25. Ne4 Re5 26. Bc4 Kg7 27. Ng5 h6 28.
Nf3 Ree8 29. Bb5 Nf6 30. Qf4 Re4 31. Qd2 Qd5 32. Qb2 Ba7 33. Bd3 Rd7 34. Bxe4
Nxe4 35. Rd3 Nc3 36. Rcxc3 dxc3 37. Qxc3+ Nd4 38. Nxd4 f6 39. Bb2 Qe4 40. Rd1
Kh7 41. Qe3 1-0

[Event "FBL 1"]
[Site "Deutschland"]
[Date "2012.12.16"]
[Round "5.3"]
[White "Melamed, Tetyana"]
[Black "Olsarova, Karolina"]
[Result "1/2-1/2"]
[WhiteElo "2353"]
[BlackElo "2253"]
[PlyCount "82"]
[EventDate "2012.10.06"]
[WhiteTeam "USV Volksbank Halle"]
[BlackTeam "SK Grosslehna"]
[WhiteTeamCountry "GER"]
[BlackTeamCountry "GER"]

1. e4 e5 2. Nf3 Nc6 3. Bb5 Nf6 4. O-O Nxe4 5. d4 Nd6 6. Bxc6 dxc6 7. dxe5 Nf5
8. Qxd8+ Kxd8 9. Nc3 Bd7 10. h3 h6 11. b3 Bb4 12. Ne4 Kc8 13. g4 Ne7 14. a3 Ba5
15. c4 c5 16. Nxc5 Bc6 17. Nd4 Bc3 18. Nxc6 Nxc6 19. Ra2 Bxe5 20. Re2 b6 21.
Nd3 Bf6 22. Nf4 Nd4 23. Re3 Bg5 24. Rd3 Bxf4 25. Rxd4 Bxc1 26. Rxc1 Rd8 27. Rf4
f6 28. Re4 c6 29. Rce1 Kc7 30. Kg2 Rd7 31. h4 h5 32. f3 Rad8 33. Kg3 hxg4 34.
fxg4 Rd3+ 35. R1e3 Rd1 36. Re7+ R8d7 37. Re8 Rg1+ 38. Kf4 Rf1+ 39. Kg3 Rg1+ 40.
Kf4 Rf1+ 41. Kg3 Rg1+ 1/2-1/2

[Event "FBL 1"]
[Site "Deutschland"]
[Date "2012.12.16"]
[Round "5.5"]
[White "Jahn, Constanze"]
[Black "Skogvall, Martina"]
[Result "1-0"]
[WhiteElo "2130"]
[BlackElo "2067"]
[PlyCount "75"]
[EventDate "2012.10.06"]
[WhiteTeam "USV Volksbank Halle"]
[BlackTeam "SK Grosslehna"]
[WhiteTeamCountry "GER"]
[BlackTeamCountry "GER"]

1. e4 e6 2. d4 d5 3. Nd2 Nf6 4. e5 Nfd7 5. Bd3 c5 6. c3 Nc6 7. Ne2 cxd4 8. cxd4
Be7 9. O-O O-O 10. Nf3 f6 11. Nf4 Nb6 12. exf6 Bxf6 13. Nh5 e5 14. Nxf6+ Qxf6
15. Bg5 Qd6 16. dxe5 Nxe5 17. Nxe5 Qxe5 18. Qd2 Be6 19. Rfe1 Qd6 20. Be3 Rac8
21. Bd4 Nd7 22. Qg5 Nf6 23. Re3 h6 24. Qg6 Qf4 25. Rg3 Rf7 26. Be3 Qe5 27. Bxh6
Ne4 28. Bxe4 dxe4 29. Be3 Bf5 30. Qh5 Qxb2 31. Rd1 Qb5 32. h3 b6 33. Rg5 Rcf8
34. g4 Qa4 35. gxf5 Qxa2 36. Bd4 Rd8 37. f6 Qa4 38. fxg7 1-0

[Event "FBL 1"]
[Site "Deutschland"]
[Date "2012.12.16"]
[Round "5.6"]
[White "Nagel, Verena"]
[Black "Glaser, Andrea"]
[Result "1/2-1/2"]
[WhiteElo "2007"]
[BlackElo "1979"]
[PlyCount "22"]
[EventDate "2012.10.06"]
[WhiteTeam "SK Grosslehna"]
[BlackTeam "USV Volksbank Halle"]
[WhiteTeamCountry "GER"]
[BlackTeamCountry "GER"]

1. d4 Nf6 2. Nf3 d5 3. Bf4 Bf5 4. e3 e6 5. Be2 h6 6. O-O Be7 7. Ne5 Nbd7 8. Nd2
Nxe5 9. Bxe5 O-O 10. c4 c6 11. Rc1 Bd6 1/2-1/2

[Event "FBL 1"]
[Site "Deutschland"]
[Date "2012.12.16"]
[Round "5.1"]
[White "Schleining, Zoya"]
[Black "Wirths, Clara"]
[Result "1/2-1/2"]
[WhiteElo "2340"]
[BlackElo "2022"]
[PlyCount "112"]
[EventDate "2012.10.06"]
[WhiteTeam "Schachverein Muelheim Nord 1931"]
[BlackTeam "Schachverein Wattenscheid 1930"]
[WhiteTeamCountry "GER"]
[BlackTeamCountry "GER"]

1. d4 Nf6 2. c4 e6 3. Nf3 Bb4+ 4. Nbd2 O-O 5. e3 b6 6. Bd3 Bb7 7. O-O c5 8. d5
exd5 9. cxd5 Bxd2 10. Bxd2 Bxd5 11. Ng5 Bb7 12. Bc3 h6 13. Nh3 d5 14. Nf4 Nbd7
15. Bb5 Rc8 16. Bxd7 Nxd7 17. Nxd5 Qg5 18. e4 f5 19. f4 Qd8 20. exf5 Rxf5 21.
Qg4 Rf7 22. Rad1 Qf8 23. f5 Bxd5 24. Rxd5 Nf6 25. Bxf6 Rxf6 26. Rd7 Rf7 27. Qc4
Re8 28. Rxa7 Ree7 29. Rxe7 Qxe7 30. h3 Kh7 31. b3 Rf6 32. a4 Rd6 33. Qf4 Rd4
34. Qf3 Qf6 35. Re1 Rd7 36. Qg4 Rd4 37. Qg6+ Qxg6 38. fxg6+ Kxg6 39. Re6+ Kf5
40. Rxb6 c4 41. Rb5+ Ke6 42. bxc4 Rxc4 43. Ra5 Rc2 44. Kh2 Ra2 45. Ra8 Kf5 46.
Ra6 Kg5 47. a5 h5 48. h4+ Kf5 49. Ra7 g6 50. Kh3 Ra3+ 51. g3 Ra1 52. a6 Rh1+
53. Kg2 Ra1 54. Kf3 Ra3+ 55. Kf2 Kg4 56. Re7 Rxa6 1/2-1/2

[Event "FBL 1"]
[Site "Deutschland"]
[Date "2012.12.16"]
[Round "5.2"]
[White "Henrichs, Wenke"]
[Black "Zozulia, Anna"]
[Result "0-1"]
[WhiteElo "2067"]
[BlackElo "2346"]
[PlyCount "108"]
[EventDate "2012.10.06"]
[WhiteTeam "Schachverein Wattenscheid 1930"]
[BlackTeam "Schachverein Muelheim Nord 1931"]
[WhiteTeamCountry "GER"]
[BlackTeamCountry "GER"]

1. d4 d6 2. Nf3 Nf6 3. c4 g6 4. Nc3 Bg7 5. e4 O-O 6. Be2 Bg4 7. O-O Nfd7 8. Be3
Nc6 9. Ne1 Bxe2 10. Nxe2 e5 11. Nc2 exd4 12. Ncxd4 Nce5 13. Rc1 Nc5 14. f3 Ncd3
15. Rc3 c5 16. Nb5 a6 17. Na3 Nb4 18. Rb3 Nec6 19. Nc2 Nxa2 20. Rd3 Qe7 21.
Rxd6 Nd4 22. Rd5 Ne6 23. Qb1 Nb4 24. Nxb4 cxb4 25. Rfd1 a5 26. b3 Qc7 27. Nd4
Bxd4 28. Bxd4 Nxd4 29. R1xd4 a4 30. bxa4 Rxa4 31. Rd7 Qf4 32. Qe1 Rfa8 33. e5
Qf5 34. Rd8+ Rxd8 35. Rxd8+ Kg7 36. Rd5 b3 37. e6 Qxe6 38. Qc3+ f6 39. h3 Ra2
40. Qxb3 Qe2 41. Rd7+ Kh6 42. Qxa2 Qxa2 43. Rxb7 Qxc4 44. Rb1 Kg5 45. g3 Qc5+
46. Kh1 Qf2 47. f4+ Kf5 48. Rg1 Ke4 49. Rg2 Qf1+ 50. Kh2 h5 51. h4 Kf3 52. Ra2
Kg4 53. Rg2 Qe1 54. Rg1 Qxg1+ 0-1

[Event "FBL 1"]
[Site "Deutschland"]
[Date "2012.12.16"]
[Round "5.3"]
[White "Kalinina, Olga"]
[Black "Goihl, Mona"]
[Result "1/2-1/2"]
[WhiteElo "2259"]
[BlackElo "2095"]
[PlyCount "130"]
[EventDate "2012.10.06"]
[WhiteTeam "Schachverein Muelheim Nord 1931"]
[BlackTeam "Schachverein Wattenscheid 1930"]
[WhiteTeamCountry "GER"]
[BlackTeamCountry "GER"]

1. e4 c5 2. Nf3 Nc6 3. d4 cxd4 4. Nxd4 g6 5. Nc3 Bg7 6. Be3 Nf6 7. Bc4 O-O 8.
Bb3 d6 9. h3 Bd7 10. O-O Na5 11. Re1 Rc8 12. Qd3 a6 13. f4 Qc7 14. Bf2 e5 15.
Nf3 Nxb3 16. cxb3 Bc6 17. Rac1 Nh5 18. fxe5 dxe5 19. Nd5 Qd8 20. Bc5 Re8 21.
Ne7+ Kh8 22. Qxd8 Rcxd8 23. Ng5 Rxe7 24. Bxe7 Rd7 25. Bc5 Nf4 26. Rc2 f6 27.
Nf3 Nd3 28. Ree2 Bh6 29. Be3 Bf8 30. a3 Kg7 31. Nd2 f5 32. Ba7 Kf6 33. Bf2 Nf4
34. Re1 Nd3 35. Rf1 Bh6 36. Bh4+ Ke6 37. exf5+ gxf5 38. Nf3 Rg7 39. Kh2 Be4 40.
Rc8 Bxf3 41. gxf3 Nf4 42. Re8+ Kd7 43. Rxe5 Rg2+ 44. Kh1 Rxb2 45. Re7+ Kc6 46.
Bg3 Rxb3 47. Rxh7 Bg5 48. Rc1+ Kd5 49. Rg7 Bf6 50. Rd7+ Ke6 51. Rcd1 Be5 52.
Rd8 Rxf3 53. Re8+ Kf6 54. Bxf4 Bxf4 55. Rf8+ Ke5 56. Re1+ Be3 57. Re8+ Kd4 58.
Rd1+ Kc3 59. Rc8+ Kb2 60. Rd3 f4 61. Rh8 Rf1+ 62. Kg2 Rf2+ 63. Kh1 Rf1+ 64. Kg2
Rf2+ 65. Kh1 Rf1+ 1/2-1/2

[Event "FBL 1"]
[Site "Deutschland"]
[Date "2012.12.16"]
[Round "5.4"]
[White "Mass, Elvira"]
[Black "Voyska, Margarita"]
[Result "1/2-1/2"]
[WhiteElo "1989"]
[BlackElo "2284"]
[PlyCount "79"]
[EventDate "2012.10.06"]
[WhiteTeam "Schachverein Wattenscheid 1930"]
[BlackTeam "Schachverein Muelheim Nord 1931"]
[WhiteTeamCountry "GER"]
[BlackTeamCountry "GER"]

1. Nf3 d6 2. g3 e5 3. d3 f5 4. Bg2 Nf6 5. c4 Be7 6. Nc3 O-O 7. O-O c6 8. b4 e4
9. dxe4 Nxe4 10. Bb2 Bf6 11. Qc2 Qe7 12. e3 Nd7 13. Nd4 Nxc3 14. Bxc3 Nb6 15.
Bb2 c5 16. bxc5 dxc5 17. Ba3 Qe5 18. Nb3 Be7 19. Rad1 Qc7 20. Rd2 a5 21. Rfd1
a4 22. Nc1 Be6 23. Bd5 Bxd5 24. cxd5 Bd6 25. Ne2 Nd7 26. Nc3 Qa5 27. Rb1 Ne5
28. Rb5 Qa6 29. Rd1 Nc4 30. Bxc5 Rfc8 31. Bxd6 Nxd6 32. Rb4 Qa5 33. Rxa4 Qxa4
34. Qxa4 Rxa4 35. Nxa4 Rc2 36. Rb1 Rxa2 37. Nc3 Ra6 38. Nb5 Rb6 39. Nc3 Ra6 40.
Nb5 1/2-1/2